Statistiques concernant Culture Générale - Série 840

Cliquez ici pour prendre le quiz!

Statistiques générales

  • Ce quiz a été pris 59 fois
  • Le résultat moyen est 6 sur 10

Statistiques - réponses

QuestionRéponse% Correct
Quelle commune du Vaucluse porte le nom de l'agrume que, selon l'expression, on apporte à quelqu'un quand on lui rend visite en prison ?Orange
94%
Quand une personne est mal habillée, on dit selon l'expression, qu'elle est "fichue commme l'as de...pique
94%
Quel est l'infinitif du verbe conjugué au passé simple dans la locution : "vous bûtes" ?boire
94%
Dans les églises, les personnes bigotes qui manifestent une dévotion outrée sont surnommées des "grenouilles de...bénitier
81%
Selon l'expression populaire, lorsque l'on fournit de gros efforts, on "sue sang et...eau
75%
Sous quel nom connait-on mieux l'animal marin "astérie" ?étoile de mer
70%
Le club de quelle ville a remporté la coupe de France de football 1994 ?Auxerre
25%
Dans quel département français se trouve la commune de Bassens ?Gironde
13%
Succès de Barry Ryan de 1969, repris par Claude FrançoisEloise
4%
Sous quel nom est plus connu le philosophe Marie Jean Antoine Nicolas de Caritat ?Condorcet
0%

Distribution des résultats

Percentile par nombre de réponses

% des personnes avec chaque résultat

Votre développement - résultats

Vous n’avez pas pris ce quiz